| Поле | Название | Значение |
| |
Тип записи |
a |
| |
Библиографический уровень |
m |
| 001 |
Контрольный номер |
d4b546b82edb4e0bb4f78bddfa312bf9 |
| 005 |
Дата корректировки |
20140609163233.7 |
| 010 |
Индекс ISBN |
__ |
| a |
ISBN |
5-9614-0297-5 |
| 101 |
Язык документа |
0_ |
| a |
Язык текста |
rus |
| 102 |
Страна публикации |
__ |
| a |
Страна публикации |
RU |
| 200 |
Заглавие и сведения об ответственности |
1_ |
| a |
Заглавие |
Принципы жилищного кредитования |
| f |
Первые сведения об ответственности |
В. Аверченко [и др.] |
| 210 |
Выходные данные |
1_ |
| c |
Издательство |
Альпина Бизнес Букс |
| a |
Место издания |
М. |
| d |
Дата издания |
2006 |
| 215 |
Физическое описание |
__ |
| a |
Объем |
259, [2] с. |
| 610 |
Ключевые слова |
0_ |
| a |
Ключевые слова |
жилье |
| 610 |
Ключевые слова |
0_ |
| a |
Ключевые слова |
жилищная энономика |
| 610 |
Ключевые слова |
0_ |
| a |
Ключевые слова |
жилищное кредитование |
| 610 |
Ключевые слова |
0_ |
| a |
Ключевые слова |
виды жилищного кредитования |
| 610 |
Ключевые слова |
0_ |
| a |
Ключевые слова |
ипотека |
| 610 |
Ключевые слова |
0_ |
| a |
Ключевые слова |
ипотечное кредитование |
| 610 |
Ключевые слова |
0_ |
| a |
Ключевые слова |
кредит |
| 610 |
Ключевые слова |
0_ |
| a |
Ключевые слова |
банковская ипотека |
| 610 |
Ключевые слова |
0_ |
| a |
Ключевые слова |
небанковская ипотека |
| 610 |
Ключевые слова |
0_ |
| a |
Ключевые слова |
мировая практика |
| 610 |
Ключевые слова |
0_ |
| a |
Ключевые слова |
государственная поддержка |
| 686 |
Индексы других классификаций |
__ |
| a |
Классификационный индекс |
65.9(2)262.1 |
| 2 |
Код системы |
rubbk |
| 686 |
Индексы других классификаций |
__ |
| a |
Классификационный индекс |
65.9(2)315.44 |
| 2 |
Код системы |
rubbk |
| 686 |
Индексы других классификаций |
__ |
| a |
Классификационный индекс |
67.623.211.33 |
| 2 |
Код системы |
rubbk |
| 701 |
Альтернативная интеллектуальная ответственность |
_1 |
| a |
Фамилия |
Аверченко |
| b |
Имя |
В. |
| u |
|
2 |
| 701 |
Альтернативная интеллектуальная ответственность |
_1 |
| a |
Фамилия |
Вессели |
| b |
Имя |
Р. |
| 701 |
Альтернативная интеллектуальная ответственность |
_1 |
| a |
Фамилия |
Наумов |
| b |
Имя |
Г. |
| 701 |
Альтернативная интеллектуальная ответственность |
_1 |
| a |
Фамилия |
Файкс |
| b |
Имя |
Э. |
| 701 |
Альтернативная интеллектуальная ответственность |
_1 |
| a |
Фамилия |
Эртл |
| b |
Имя |
И. |
| 801 |
Источник записи |
_0 |
| a |
Страна |
RU |
| b |
Организация |
РУК |
| c |
Дата составления |
20070820 |
| g |
Правила каталогизации |
PSBO |
| 801 |
Источник записи |
_1 |
| a |
Страна |
RU |
| b |
Организация |
РУК |
| c |
Дата составления |
20070820 |
| g |
Правила каталогизации |
PSBO |
| 852 |
Данные о местонахождении |
__ |
| j |
Шифр хранения |
ББК 65.9(2)26 |
| i |
Авторский знак |
П 76 |
| 901 |
Тип документа |
__ |
| t |
Тип документа |
m |
| 938 |
Служебная информация |
__ |
| a |
Название организации |
Головной вуз |
| b |
Имя БД |
BOOK |
| c |
Название АИБС |
АИБС ИРБИС |